000 00713nam a2200265Ia 4500
005 20260121170015.0
008 008 260114s9999 xx 000 0 eng d
020 _a9783319415765
037 _aEBOOK
040 _aCRL
040 _beng
040 _cCRL
041 _2eng
041 _aeng
084 _qCRL
100 _aFusheng Wang, Gang Luo, Chunhua Weng, Arijit Khan, Prasenjit Mitra, Cong Yu
_91058659
245 0 _aBiomedical Data Management and Graph Online Querying
260 _bSpringer
260 _bSpringer
260 _c2016
856 _uhttps://link.springer.com/openurl?genre=book&isbn=978-3-319-41576-5
942 _cEBOOK
999 _c1624388
_d1624388